000 00572nam a2200205Ia 4500
001 1243
008 140313s9999 xx 000 0 und d
020 _a72556668
040 _cPK-LaUMT
082 _a 613.7
_bCOR-C
100 _aCharles B. Corbin
245 _aConcepts of fitness and wellness:
_ba comprehensive lifestyle approach.
_cCharles B. Corbin<>Gregory J. Welk<>Ruth Lindsey
250 _a5th
260 _aBoston, USA:
_bMcGraw-Hill,
_c2004.
300 _a485 p.
650 _aExercise
700 _aGregory J. Welk
700 _aRuth Lindsey
942 _cBK
999 _c1552
_d1552